LEADER 02839nam 22006133 450 001 9910860866803321 005 20230424053447.0 010 $a1-4529-6880-2 010 $a1-4529-6881-0 035 $a(MiAaPQ)EBC30172501 035 $a(Au-PeEL)EBL30172501 035 $a(OCoLC)1371466986 035 $a(MdBmJHUP)musev2_103326 035 $a(OCoLC)1375297625 035 $a(EXLCZ)9926388139600041 100 $a20230407d2023 uy 0 101 0 $aeng 135 $aurcnu|||||||| 181 $ctxt$2rdacontent 182 $cc$2rdamedia 183 $acr$2rdacarrier 200 14$aThe Comic Self $eToward Dispossession 205 $a1st ed. 210 1$aNew York :$cUniversity of Minnesota Press,$d2023. 210 4$dİ2023. 215 $a1 online resource (153 pages) 225 1 $aThinking Theory Series 311 08$aPrint version: Campbell, Timothy C. The Comic Self New York : University of Minnesota Press,c2023 9781517914929 327 $aCover Page -- Series Page -- Title Page -- Copyright Page -- Contents -- Preface: The Art of Self-Dispossession -- Introduction: The Fallacy of Self-Possession -- Chapter 1. The Sunset of the Self -- Chapter 2. Renunciation and Refusal = Rupture and Rapture -- Chapter 3. Elide Tragedy -- Chapter 4. The Comic Self Is Not Comic -- Chapter 5. "I Think" -- Chapter 6. David Hume: The Master Critic of Identity -- Chapter 7. Temporality contra Cogito Ergo Sum -- Chapter 8. From a Terminal Walk to a Tightrope Walker -- Chapter 9. Don Quijote's Comic Selves -- Chapter 10. The Unequal -- Chapter 11. Tragic Repetition -- Acknowledgments -- Notes -- Index. 330 $a"Challenging the contemporary notion of "self-care" and the Western mania for "self-possession," The Comic Self proposes an alternate and less toxic model for human aspiration: a comic self. Campbell and Farred range across philosophy, literature, and contemporary comedy to uncover spaces where the dispossession of self and, with it, the dismantling of the regime of self-care are possible"--$cProvided by publisher. 410 0$aThinking Theory Series 606 $aSelf-perception$2fast$3(OCoLC)fst01111797 606 $aSelf-evaluation$2fast$3(OCoLC)fst01111715 606 $aComedy$2fast$3(OCoLC)fst00869083 606 $aComedy 606 $aSelf-evaluation 606 $aSelf-perception 608 $aElectronic books. 615 7$aSelf-perception. 615 7$aSelf-evaluation. 615 7$aComedy. 615 0$aComedy. 615 0$aSelf-evaluation. 615 0$aSelf-perception. 676 $a158.1 700 $aCampbell$b Timothy C$01030830 701 $aFarred$b Grant$01628846 801 0$bMiAaPQ 801 1$bMiAaPQ 801 2$bMiAaPQ 906 $aBOOK 912 $a9910860866803321 996 $aThe Comic Self$94166107 997 $aUNINA LEADER 02179oas 2200769 a 450 001 9910147193803321 005 20251106213014.0 035 $a(OCoLC)873986585 035 $a(CONSER) 2015220090 035 $a(CKB)1000000000300879 035 $a(EXLCZ)991000000000300879 100 $a20050107a20049999 uf 101 0 $aeng 135 $aurcnu|||||||| 181 $ctxt$2rdacontent 182 $cc$2rdamedia 183 $acr$2rdacarrier 200 00$aTsetse and trypanosomiasis information /$fPAAT, Programme Against African Trypanosomiasis 210 $aRome $cFood and Agriculture Organization of the United Nations$d2004- 311 08$a1812-2442 517 1 $aTsetse and trypanosomosis information 606 $aTrypanosomiasis$vAbstracts$vPeriodicals 606 $aTsetse-flies$vAbstracts 606 $aTrypanosomiasis, African$vAbstracts 606 $aTsetse Flies$vAbstracts 606 $aTrypanosomiasis$vAbstracts 606 $aTrypanosomiasis 606 $aTrypanosomiasis, African 606 $aTsetse Flies 606 $aTrypanosomiasis$2fast$3(OCoLC)fst01158280 606 $aTsetse-flies$2fast$3(OCoLC)fst01158330 608 $aAbstracts. 608 $aAbstracts.$2fast 608 $aPeriodicals.$2fast 615 0$aTrypanosomiasis 615 0$aTsetse-flies 615 2$aTrypanosomiasis, African 615 2$aTsetse Flies 615 2$aTrypanosomiasis 615 2$aTrypanosomiasis. 615 2$aTrypanosomiasis, African. 615 2$aTsetse Flies. 615 7$aTrypanosomiasis. 615 7$aTsetse-flies. 712 02$aProgramme Against African Trypanosomiasis. 712 02$aProgramme Against African Trypanosomosis. 801 0$bLGG 801 1$bLGG 801 2$bOCLCO 801 2$bOCLCF 801 2$bAGL 801 2$bOCLCQ 801 2$bOCLCO 801 2$bOCLCQ 801 2$bXFH 801 2$bWY@ 801 2$bAU@ 801 2$bOCLCO 801 2$bOCLCA 801 2$bOCL 801 2$bOCLCO 801 2$bOCLCA 801 2$bOCLCQ 906 $aJOURNAL 912 $a9910147193803321 996 $aTsetse and trypanosomiasis information$92208207 997 $aUNINA